Working water : (Record no. 12699)

000 -LEADER
fixed length control field 02460cam a22004097i 4500
003 - CONTROL NUMBER IDENTIFIER
control field OSt
005 - DATE AND TIME OF LATEST TRANSACTION
control field 20240705201049.0
008 - FIXED-LENGTH DATA ELEMENTS--GENERAL INFORMATION
fixed length control field 230601t20212021cauab b 000 0 eng d
020 ## - INTERNATIONAL STANDARD BOOK NUMBER
International Standard Book Number 9781943532360
Qualifying information (hardcover)
035 ## - SYSTEM CONTROL NUMBER
System control number (OCoLC)on1090888401
041 0# - LANGUAGE CODE
Language code of text/sound track or separate title eng
042 ## - AUTHENTICATION CODE
Authentication code lccopycat
082 04 - DEWEY DECIMAL CLASSIFICATION NUMBER
Classification number 714
Edition number 23
100 1# - MAIN ENTRY--PERSONAL NAME
Personal name Wenk, William E.,
Relator term author.
245 10 - TITLE STATEMENT
Title Working water :
Remainder of title reinventing the storm drain /
Statement of responsibility, etc Wenk Associates, Planners and Landscape Architects ; William E. Wenk, FASLA.
250 ## - EDITION STATEMENT
Edition statement First edition.
300 ## - PHYSICAL DESCRIPTION
Extent 184 pages :
Other physical details color illustrations, color maps ;
Dimensions 29 cm
504 ## - BIBLIOGRAPHY, ETC. NOTE
Bibliography, etc Includes bibliographical references.
520 ## - SUMMARY, ETC.
Summary, etc "Working Water demonstrates better approaches of managing urban water resources in ways that support more efficient water use, clean urban runoff, support natural systems, and enhance the vitality and livability of our cities. Exploring the potentials of urban water resources is an important part of Wenk Associates' practice, and the focus of this book. Working Water has evolved as a reflection on over thirty-five years of the firm's professional work and is organized in three parts. The first part is a teaching tool for students and the interested public. The second part is a monograph describing selected projects of the firm and their value as civic and natural resources in addition to their essential function of stormwater control. The third part is a resource manual describing lessons learned after decades of observing project successes and failures and ways to overcome legal, financial, and institutional barriers to implementing green infrastructure at a system scale"--Publisher.
610 20 - SUBJECT ADDED ENTRY--CORPORATE NAME
Corporate name or jurisdiction name as entry element Wenk Associates.
650 #0 - SUBJECT ADDED ENTRY--TOPICAL TERM
Topical term or geographic name as entry element Landscape architecture in water conservation.
650 #0 - SUBJECT ADDED ENTRY--TOPICAL TERM
Topical term or geographic name as entry element Urban landscape architecture.
650 #0 - SUBJECT ADDED ENTRY--TOPICAL TERM
Topical term or geographic name as entry element Urban runoff
General subdivision Management.
650 #0 - SUBJECT ADDED ENTRY--TOPICAL TERM
Topical term or geographic name as entry element Storm sewers
General subdivision Design and construction.
650 #6 - SUBJECT ADDED ENTRY--TOPICAL TERM
Topical term or geographic name as entry element Architecture du paysage dans la conservation de l'eau.
650 #6 - SUBJECT ADDED ENTRY--TOPICAL TERM
Topical term or geographic name as entry element Paysage urbain.
650 #6 - SUBJECT ADDED ENTRY--TOPICAL TERM
Topical term or geographic name as entry element Écoulement urbain
General subdivision Gestion.
650 #7 - SUBJECT ADDED ENTRY--TOPICAL TERM
Topical term or geographic name as entry element urban landscapes.
Source of heading or term aat
650 #7 - SUBJECT ADDED ENTRY--TOPICAL TERM
Topical term or geographic name as entry element ARCHITECTURE.
Source of heading or term bisacsh
650 #7 - SUBJECT ADDED ENTRY--TOPICAL TERM
Topical term or geographic name as entry element ARCHITECTURE / General.
Source of heading or term bisacsh
650 #7 - SUBJECT ADDED ENTRY--TOPICAL TERM
Topical term or geographic name as entry element Storm sewers
General subdivision Design and construction.
Source of heading or term fast
650 #7 - SUBJECT ADDED ENTRY--TOPICAL TERM
Topical term or geographic name as entry element Landscape architecture in water conservation.
Source of heading or term fast
650 #7 - SUBJECT ADDED ENTRY--TOPICAL TERM
Topical term or geographic name as entry element Urban landscape architecture.
Source of heading or term fast
650 #7 - SUBJECT ADDED ENTRY--TOPICAL TERM
Topical term or geographic name as entry element Urban runoff
General subdivision Management.
Source of heading or term fast
710 2# - ADDED ENTRY--CORPORATE NAME
Corporate name or jurisdiction name as entry element Wenk Associates,
Relator term author.
942 ## - ADDED ENTRY ELEMENTS (KOHA)
Source of classification or shelving scheme
Holdings
Withdrawn status Lost status Source of classification or shelving scheme Damaged status Koha normalized classification for sorting Not for loan Permanent location Current location Date acquired Source of acquisition Cost, normal purchase price Full call number Barcode Date last seen Cost, replacement price Price effective from Koha item type
        714_000000000000000   BMS College of Architecture, Design and Planning BMS College of Architecture, Design and Planning 2024-07-05 1 2559.82 714 AR-UG3892 2024-07-05 3413.10 2024-07-05 B.PLAN
Copyright © 2025, The Librarian, Library and Information Centre, BMSCA D&P, Bengaluru. All Rights Reserved
web counter

Powered by Koha